| 000 | 00806nam a22001577a 4500 | ||
|---|---|---|---|
| 008 | 140918b xxu||||| |||| 00| 0 eng d | ||
| 020 | _a97881189005924 | ||
| 050 | _aB721.S1 | ||
| 100 | _aSahoo, Padma | ||
| 245 |
_aDevelopmental Psychology. / _cPadma Sahoo. |
||
| 260 |
_aNew Delhi: _bSaurabh, _c2011. |
||
| 300 |
_a246p.; _c22cm. |
||
| 500 | _aIncludes index | ||
| 505 | _aContent: Developmental Psychology: nature and significance -- Developmental Psychology and genetic change -- Violence, philanthropy and self-regulation -- Developmental Psychology and genetics -- Dynamic system for development theories -- Ecological, dynamic systems for human thinking -- Cognitive development -- Information processing approach for development -- Interpretations of socio-emotional milestones. | ||
| 942 |
_2lcc _cBK |
||
| 999 |
_c4981 _d12481 |
||